000 00342pab a2200145 454500
008 180718b1988 xxu||||| |||| 00| 0 eng d
100 _aShafi, Sayed S.
245 _aAlternative paths to an urban India
260 _c1988
300 _a12-14
362 _a16 Jul.
650 _aCity Planning - India
773 _aMainstream
909 _a5501
999 _c5501
_d5501